ระบบห้องสมุดอัตโนมัติ ULibM
วิทยาลัยพยาบาลบรมราชชนนี พระพุทธบาท
เปลี่ยนเป็นภาษาไทย

Change to English
 แสดงรายละเอียดบรรณานุกรม
  กลับหน้าหลัก

Brief Record : Get Marc (ISO 2709) : E-mail record : QR code ปิดหน้าต่าง
E-books : เกี่ยวกับ Collections
LEADER 00000nam 2200000uu 4500
001    13399122135
003     ULIBM
008    031112s2005 th a 000 0 eng d
020    1591233924
100    Bardige, Betty Lynn Segal.
245    At a loss for words : how America is failing our children and what we can do about it
250    1st ed
260    America :^bTemple University,^c2005
300    254 pages
500     Chil development.
650    Early childhood education-United States.^xChildren-Language.^yEducational equalization-United States.^zLanguage acquisition.
945    ^p0^l0^i012606
999    ^aน.ส.สุพรรษา เริงรื่น
รายการนี้ยังไม่มีแท็ก
คุณยังไม่ได้ล็อกอิน คุณสามารถมีกิจกรรมร่วมกับเว็บไซต์ได้ แต่ต้องล็อกอินก่อน ::
  ล็อกอิน
ลำดับที่ ประเภท เลขเรียก สถานที่ สถานะ
1.
LB1139.L3 B363a 2005  
  
วิทยาลัยพยาบาลบรมราชชนนี พระพุทธบาท
►หนังสือทั่วไป
On Shelf
Note: Chil development.
   [แสดง 1/1 รายการ]

Bib 13399122135